Zmyslový marketing a jeho vplyv na nákupné rozhodovanie zákazníka diplomová práca
Guardado en:
| Autor principal: | |
|---|---|
| Autor Corporativo: | |
| Otros Autores: | |
| Formato: | Libro |
| Lenguaje: | eslovaco |
| Publicado: |
Bratislava
2014
|
| Etiquetas: |
Sin Etiquetas, Sea el primero en etiquetar este registro!
|
MARC
| LEADER | 00000nbm a2200000 4500 | ||
|---|---|---|---|
| 001 | 0186217 | ||
| 005 | 20170201095441.4 | ||
| 041 | 0 | |a slo | |
| 044 | |a SK | ||
| 245 | 1 | 0 | |a Zmyslový marketing a jeho vplyv na nákupné rozhodovanie zákazníka |b diplomová práca |c Zuzana Luxová ; školiteľ: Dagmar Klepochová |
| 264 | 1 | |a Bratislava |c 2014 | |
| 300 | |a 71 s. | ||
| 100 | 1 | |a Luxová, Zuzana | |
| 700 | 1 | |a Klepochová, Dagmar, 1968- | |
| 710 | 2 | |a Obchodná fakulta EU. Katedra marketingu | |